El Trabajo (propaganda gratuita) (Registro nro. 179834)

Detalles MARC
000 -LEADER
campo de control de longitud fija 00860nam a2200181 i 4500
001 - NÚMERO DE CONTROL
campo de control 179834
003 - IDENTIFICADOR DE NÚMERO DE CONTROL
campo de control ES-MaACL
005 - FECHA Y HORA DE LA ÚLTIMA TRANSACCIÓN
campo de control 20240821103822.0
008 - DATOS DE LONGITUD FIJA--INFORMACIÓN GENERAL
campo de control de longitud fija 120131s1924 sp |||| | spa d
245 03 - MENCIÓN DEL TÍTULO
Título El Trabajo (propaganda gratuita)
Resto del título : número extraordinario dedicado a Juan B. Acher "El Poeta", condenado a muerte.
260 ## - PUBLICACIÓN, DISTRIBUCIÓN, ETC.
Lugar de publicación, distribución, etc. Manresa :
Nombre del editor, distribuidor, etc. [s.n.],
Fecha de publicación, distribución, etc. 1924 (
Fabricante Imp. El Trabajo)
300 ## - DESCRIPCIÓN FÍSICA
Extensión 16 p. :
Otras características físicas il. ;
Dimensiones 22 cm.
500 ## - NOTA GENERAL
Nota general Es el número 63, Año III, nº 63, año 1924 de la revista "El Trabajo", publicada en Manresa. Número extraordinario dedicado a Juan Baustista Acher, contine caricaturas suyas y fotografía.
594 ## - Nota al título y mención de responsabilidad
Nota al título y mención de responsabilidad Datos tomados de la cubierta y principio del texto.
600 17 - PUNTO DE ACCESO ADICIONAL DE MATERIA--NOMBRE DE PERSONA
Nombre de persona Acher, Juan Bautista,
Fechas asociadas al nombre 1897-1967
Fuente del encabezamiento o término
9 (RLIN) 149263
852 ## - LOCALIZACIÓN
Ubicación ES-MaACL
Número de control de estantería 1667-F-9
Nota libre .- Dedicatoria manuscrita "J.J.M. 1924"
Existencias
Estatus retirado Estado de pérdida Estado de daño No para préstamo Colección Biblioteca de origen Biblioteca actual Ubicación en estantería Fecha de adquisición Fuente de adquisición Total de préstamos Signatura topográfica completa Código de barras Visto por última vez Precio de reemplazo Tipo de ítem Koha
        Colección de folletos Biblioteca del Ateneo de Madrid Biblioteca del Ateneo de Madrid Depósito folletos 31/01/2012     1667-F-9 1188924 23/02/2023 23/02/2023 Folleto